000 00616cam a22002053a 4500
001 45396
003 PGUSA
005 20140828084041.0
008 140414s2014||||xxu|||||s|||||000 | eng d
040 _aPGUSA
_beng
042 _adc
100 1 _aSharp, Arthur H.
245 1 0 _aFrom the Cape to Cairo :
_bThe First Traverse of Africa from South to North
_h[electronic resource] /
_cArthur H. Sharp
260 _bProject Gutenberg,
_c2014
506 _aPublic domain in the USA.
516 _aElectronic text
830 0 _aProject Gutenberg
_v45396
856 4 0 _uhttp://www.gutenberg.org/ebooks/45396
942 _cEB
999 _c274647
_d274647